000 02403cam a2200313 4500500
005 20260222002746.0
041 _afre
042 _adc
100 1 0 _aBrard, Nicolas
_eauthor
245 0 0 _aS’investir dans la communication d’une recherche sensible : le cas du primate non humain
260 _c2026.
500 _a98
520 _aAlors que la participation des scientifiques à la communication est de plus en plus attendue, la situation peut s’avérer différente sur des sujets sensibles comme la recherche sur les primates non humains. Cette communauté, peu visible et souvent réticente à s’exprimer, reste méconnue quant à sa perception de la médiation scientifique et du public. À travers des entretiens semi-structurés, nous soulignons le rôle crucial des institutions dans l’investissement des chercheurs, ainsi qu’une dichotomie entre la perception du public et ses attentes, et les objectifs de communication des chercheurs, que nous lions à la dimension controversée de ce domaine de recherche.
520 _a‪While the public engagement of scientists is increasingly expected, the situation differs for sensitive topics such as non-human primate research. As researchers in this field have little public visibility and are often reluctant to speak out, little is known about their attitudes toward public engagement or their perception of the public. Through semi-structured interviews with scientists working in cognitive neurosciences with non-human primates, we highlight the role of institutions in researchers’ engagement as well as the dichotomy between perceptions of the public and researchers’ communication objectives, which we link to the controversial dimension of this research field.‪
690 _acommunication scientifique
690 _acontroverse
690 _ainvestissement public
690 _aorganismes de recherche
690 _aperception du public
690 _aprimate non humain
690 _acontroversy
690 _anon-human primate
690 _apublic engagement
690 _aresearch institutions
690 _ascience communication
690 _ascientists’ understanding of the public
786 0 _nÉtudes de communication | - | 2 | 2026-02-18 | p. 159-180 | 1270-6841
856 4 1 _uhttps://shs.cairn.info/revue-etudes-de-communication-2025-2-page-159?lang=fr&redirect-ssocas=7080
999 _c1665978
_d1665978